LDR 00980naa#a2200157#i#450# 001 RU\\bibl\20037 005 20260701074704.3 100 ## _a20260630b2026####ek#y0rusy0150####ca 102 ## _aRU 200 1# _aИССЛЕДОВАНИЕ ПРОБЛЕМЫ ДИСБАЛАНСА КЛАССОВ ПРИ АНАЛИЗЕ ПОЛЕЗНОСТИ ПОЛЬЗОВАТЕЛЬСКИХ ОТЗЫВОВ В СИСТЕМАХ ЦИФРОВОЙ ДИСТРИБУЦИИ _eСтатья/тезисы конференции 210 1# _aВоронеж _cВоронежский государственный лесотехнический университет имени Г.Ф. Морозова _d2026 215 ## _a9 с. 608 ## _aСтатья/тезисы конференции _2local 675 ## _aИнформационные технологии. Компьютерные технологии. Теория вычислительных машин и систем. 004 _z 700 #1 _aУшаков _gД. В. 856 4# _abibl.vgltu.ru _u